Fr. Conceicao Rodrigues College of Engineering

Production Technology (Record no. 30989)

MARC details
000 -LEADER
fixed length control field 00281nam a2200133Ia 4500
082 ## - DEWEY DECIMAL CLASSIFICATION NUMBER
Classification number 670
Item number JAI
100 ## - MAIN ENTRY--PERSONAL NAME
Personal name Jain R.K.
245 ## - TITLE STATEMENT
Title Production Technology
260 ## - PUBLICATION, DISTRIBUTION, ETC.
Name of publisher, distributor, etc. Khanna Pub
Place of publication, distribution, etc. New Delhi
Date of publication, distribution, etc. 1994
300 ## - PHYSICAL DESCRIPTION
Extent 1310
546 ## - LANGUAGE NOTE
Language note ENGLISH
654 ## - SUBJECT ADDED ENTRY--FACETED TOPICAL TERMS
Focus term technology
942 ## - ADDED ENTRY ELEMENTS (KOHA)
Koha item type BOOK
Holdings
Withdrawn status Lost status Damaged status Not for loan Collection Home library Current library Date acquired Total Checkouts Full call number Barcode Date last seen Price effective from Koha item type
        PT Fr. Agnel's C.Rodrigues College of Engineering Fr. Agnel's C.Rodrigues College of Engineering 17/03/2023   670 JAI PT38 17/03/2023 17/03/2023 BOOK
        PT Fr. Agnel's C.Rodrigues College of Engineering Fr. Agnel's C.Rodrigues College of Engineering 17/03/2023   670 JAI PT39 17/03/2023 17/03/2023 BOOK
        PT Fr. Agnel's C.Rodrigues College of Engineering Fr. Agnel's C.Rodrigues College of Engineering 17/03/2023   670 JAI PT40 17/03/2023 17/03/2023 BOOK
        PT Fr. Agnel's C.Rodrigues College of Engineering Fr. Agnel's C.Rodrigues College of Engineering 17/03/2023   670 JAI PT41 17/03/2023 17/03/2023 BOOK
        PT Fr. Agnel's C.Rodrigues College of Engineering Fr. Agnel's C.Rodrigues College of Engineering 17/03/2023   670 JAI PT42 17/03/2023 17/03/2023 BOOK
        PT Fr. Agnel's C.Rodrigues College of Engineering Fr. Agnel's C.Rodrigues College of Engineering 17/03/2023   670 JAI PT43 17/03/2023 17/03/2023 BOOK